Národné stratégie bezpečných a udržateľných dôchodkov
Integrovaný prístup k modernizácii dôchodkových systémov. Typy penzijných fondov podľa spôsobu financovania v členských štátoch EÚ. Zamestnanecké penzijné fondy. Základné črty povinného druhého kapitalizačného piliera. Charakteristika vybraných dôchodkových systémov. Poľský model dôchodkového zabe...
Salvato in:
| Autore principale: | |
|---|---|
| Natura: | Capitolo di libro |
| Lingua: | slovacco |
| Soggetti: | |
| Tags: |
Nessun Tag, puoi essere il primo ad aggiungerne!!
|
MARC
| LEADER | 00000naa$a2200000$$$4500 | ||
|---|---|---|---|
| 001 | 0014438 | ||
| 005 | 20240502071400.0 | ||
| 041 | 0 | |a slo | |
| 044 | |a SK | ||
| 245 | 1 | 0 | |a Národné stratégie bezpečných a udržateľných dôchodkov |c aut. Eva Rievajová |
| 520 | |a Integrovaný prístup k modernizácii dôchodkových systémov. Typy penzijných fondov podľa spôsobu financovania v členských štátoch EÚ. Zamestnanecké penzijné fondy. Základné črty povinného druhého kapitalizačného piliera. Charakteristika vybraných dôchodkových systémov. Poľský model dôchodkového zabezpečenia. Chilský prístup k dôchodkovým reformám. | ||
| 610 | 2 | 0 | |a dôchodky starobné |
| 610 | 2 | 0 | |a systémy dôchodkové |
| 610 | 2 | 0 | |a fondy penzijné |
| 610 | 2 | 0 | |a reformy dôchodkové |
| 610 | 2 | 0 | |a Európska únia |
| 610 | 2 | 0 | |a Poľsko |
| 610 | 2 | 0 | |a Čile |
| 100 | 1 | |a Rievajová, Eva | |